LIBRARY & INFORMATION CENTRE, KCAET, TAVANUR

ONLINE PUBLIC ACCESS CATALOGUE (OPAC)

Microbiology: An application based approach (Record no. 13632)

MARC details
000 -LEADER
fixed length control field 00386nam a22001457a 4500
020 ## - INTERNATIONAL STANDARD BOOK NUMBER
ISBN 9780070151475
082 ## - DEWEY DECIMAL CLASSIFICATION NUMBER
Classification number 576
Item number PEL/MI
100 ## - MAIN ENTRY--AUTHOR NAME
Personal name Pelczar, Michael J, Jr.
245 ## - TITLE STATEMENT
Title Microbiology: An application based approach
260 ## - PUBLICATION, DISTRIBUTION, ETC. (IMPRINT)
Place of publication New Delhi
Name of publisher Tata McGraw hill Education Private Limited
Year of publication 2010
300 ## - PHYSICAL DESCRIPTION
Number of Pages 897
700 ## - ADDED ENTRY--PERSONAL NAME
Personal name Chan, E.C.S
700 ## - ADDED ENTRY--PERSONAL NAME
Personal name Krieg, Noel R
942 ## - ADDED ENTRY ELEMENTS (KOHA)
Koha item type Books
Holdings
Withdrawn status Lost status Damaged status Collection code Home library Current library Shelving location Date acquired Cost, normal purchase price Full call number Accession Number Koha item type Source of acquisition
      Non-fiction KAUAET KAUAET General Stacks 31/03/2012 625.00 576 PEL/MI 23496 Books  
      Non-fiction KAUAET KAUAET General Stacks 31/03/2012 625.00 576 PEL/MI 23497 Books  
      Non-fiction KAUAET KAUAET General Stacks 31/03/2012 625.00 576 PEL/MI 23498 Books  
      Non-fiction KAUAET KAUAET General Stacks 31/03/2012 625.00 576 PEL/MI 23499 Books  
      Non-fiction KAUAET KAUAET General Stacks 31/03/2012 625.00 576 PEL/MI 23500 Books  
      Non-fiction KAUAET KAUAET General Stacks 30/03/2013   576 PEL/MI 24082 Books Aman Book Stall, Calicut
      Non-fiction KAUAET KAUAET General Stacks 30/03/2013   576 PEL/MI 24083 Books Aman Book Stall, Calicut
      Non-fiction KAUAET KAUAET General Stacks 30/03/2013   576 PEL/MI 24084 Books Aman Book Stall, Calicut
      Non-fiction KAUAET KAUAET General Stacks 30/03/2013   576 PEL/MI 24085 Books Aman Book Stall, Calicut
      Non-fiction KAUAET KAUAET General Stacks 30/03/2013   576 PEL/MI 24086 Books Aman Book Stall, Calicut
free website counter